书目信息 |
| 题名: |
百姓祖宗源流集
|
|
| 作者: | 张健忠 编著 | |
| 分册: | ||
| 出版信息: | 北京 龙门书局 1999.03 |
|
| 页数: | 580页 | |
| 开本: | 32开 | |
| 丛书名: | ||
| 单 册: | ||
| 中图分类: | K820.9 | |
| 科图分类: | ||
| 主题词: | 人物--传记--中国 | |
| 电子资源: | ||
| ISBN: | 7-80111-504-X | |
| 000 | 00560nam0 2200193 45 | |
| 001 | 0012101163 | |
| 005 | 20001214155600.7 | |
| 010 | @a7-80111-504-X@d35.00元 | |
| 100 | @a20001210d1999 km y0chiy0120 ea | |
| 101 | 0 | @achi |
| 105 | @a z 000yy | |
| 200 | 1 | @a百姓祖宗源流集@ABai Xing Zu Zong Yuan Liu Ji@f张健忠 编著@FZhang Jian Zhong Bian Zhu |
| 210 | @a北京@c龙门书局@d1999.03 | |
| 215 | @a580页@d32开 | |
| 606 | 0 | @a人物@x传记@x中国 |
| 690 | @aK820.9@v3 | |
| 701 | 0 | @a张健忠@4编著 |
| 801 | @aCN@bPftUser@c20001210 | |
| 905 | @dK820.9@eZH967@b313091-092@f2 | |
| 百姓祖宗源流集/张健忠 编著.-北京:龙门书局,1999.03 |
| 580页;32开 |
| ISBN 7-80111-504-X:35.00元 |
| ● |
| 相关链接 |
|
|
|
正题名:百姓祖宗源流集
索取号:K820.9/ZH967
 
预约/预借
| 序号 | 登录号 | 条形码 | 馆藏地/架位号 | 状态 | 备注 |
| 1 | 313091 | 203130913 | 社科库309/309社科库 45排7列2层/ [索取号:K820.9/ZH967] | 在馆 | |
| 2 | 313092 | 203130922 | 自科二线404/400A自科库 8排2列1层/ [索取号:K820.9/ZH967] | 在馆 |